Riadiaca elektronika ASR v automobile s DSP TMS 320 : Dipl.práca
Guardado en:
| Autor principal: | |
|---|---|
| Otros Autores: | , |
| Formato: | Manuscrito Libro |
| Lenguaje: | eslovaco |
| Publicado: |
Bratislava :
STU v Bratislave FEI,
1999
|
| Materias: | |
| Etiquetas: |
Sin Etiquetas, Sea el primero en etiquetar este registro!
|
MARC
| LEADER | 00000ntm a22000003a 4500 | ||
|---|---|---|---|
| 001 | stu52289 | ||
| 005 | 20160719164856.6 | ||
| 008 | 000228s1999----xo------------------slo-d | ||
| 040 | |a STU |b slo | ||
| 041 | 0 | |a slo | |
| 044 | |a xo | ||
| 100 | 1 | |a Komáromy, Ernest |4 aut | |
| 245 | 1 | |a Riadiaca elektronika ASR v automobile s DSP TMS 320 : |b Dipl.práca | |
| 260 | |a Bratislava : |b STU v Bratislave FEI, |c 1999 | ||
| 300 | |a 66 s | ||
| 650 | 7 | |a elektronika |2 stusub | |
| 700 | 1 | |a Fuchs, Peter, |d 1959- |4 ths |u E400 |U FEI Fakulta elektrotechniky a informatiky |T FEI Ústav automobilovej mechatroniky |X 1898 |U E400 |Y 642 |7 A000001898 | |
| 700 | 1 | |a Kožár, Ernest |4 ths | |